000 00352nam a22001217a 4500
999 _c13500
_d13500
082 _a891.551
100 _aسردار احمد خان
245 _aبہادر شاہ ظفر
_bشخصیت، فکر، اور فن
260 _aکراچی
_bعلمی ورثہ
_c٢٠٠١
300 _aصفحات ٣١٥
650 _aHistory, Muslim, India
942 _cBK